Normal view MARC view

Entry Personal Name

Number of records used in: 2

001 - CONTROL NUMBER

  • control field: 87436

003 - CONTROL NUMBER IDENTIFIER

  • control field: dpl

005 - DATE AND TIME OF LATEST TRANSACTION

  • control field: 20260224150021.0

008 - FIXED-LENGTH DATA ELEMENTS

  • fixed length control field: 260224|| aca||aabn | a|a d

040 ## - CATALOGING SOURCE

  • Original cataloging agency: dpl
  • Transcribing agency: dpl

100 ## - HEADING--PERSONAL NAME

  • Personal name: SARASWATI SATYANANDA SWAMI

670 ## - SOURCE DATA FOUND

  • Source citation: Work cat.: (dpl)214893: SARASWATI SATYANANDA SWAMI, High on waves/ , 2009

© Delhi Public Library
Hit Counter
free hit counter